LAVERY, Brian. CHURCHILL VÁLEČNÝ CESTOVATEĽ

Bibliographic Details
Main Author: Drábik, Jakub, 1986- (Author)
Format: Article
Language:Slovak

MARC

LEADER 00000nab a2200000uu 4500
001 vtls010911213
003 SK-MaSNL
005 20260303105817.0
008 230121|2012 xo |||||||||||||||||slo|
015 |a SNBRB 
035 |a (urnnbn)urn:nbn:sk:snk:ar-a084ub 
035 |a (uuid)9621122f-a8d1-4d5b-8f6b-901a54d6bc88 
035 |a urn:nbn:sk:snk-ab90gx 
040 |a SNKBUCL  |b slo  |c SNKBUCL  |e AACR2 
041 0 |a slo 
044 |a xo  |c SK 
100 1 |a Drábik, Jakub,  |d 1986-  |4 aut  |9 151593 
245 1 0 |a LAVERY, Brian. CHURCHILL VÁLEČNÝ CESTOVATEĽ  |c J. Drábik 
773 0 |t Vojenská história : časopis pre vojenskú históriu, múzejníctvo a archívnictvo  |g Roč. 16, č. 2 (2012), s. 238-239 
954 |a odborná, vedecká literatúra pôvodná (slovenská)  |2 lita 
958 |a OND 
958 |a EUIPO 
958 |a article10 
999 |c 1865645  |d 1867575